Soil survey of Lander County, Nevada, north part /
Saved in:
| Main Author: | |
|---|---|
| Corporate Authors: | , , |
| Format: | Book |
| Language: | English |
| Published: |
[Washington, D.C.?] :
The Service,
[1992]
|
| Subjects: | |
| Tags: |
Add Tag
No Tags, Be the first to tag this record!
|
| LEADER | 01928cam a2200469 a 4500 | ||
|---|---|---|---|
| 001 | 014510331-5 | ||
| 005 | 20151020170343.0 | ||
| 008 | 940406s1992 dcuabf b f001 0 eng c | ||
| 010 | |a 94141958 | ||
| 035 | 0 | |a ocm27245151 | |
| 040 | |a DGPO/DLC |b eng |c GPO |d DLC |d AGL |d OCL |d OCLCQ |d BTCTA |d OCLCF |d OCLCO |d CLS | ||
| 043 | |a n-us-nv | ||
| 050 | 0 | 0 | |a S599.N425 |b J47 1992 |
| 070 | 0 | |a aS591.N3L32 | |
| 072 | 0 | |a J400 | |
| 072 | 0 | |a J600 | |
| 074 | |a 0102-B-28 | ||
| 082 | 0 | 0 | |a 631.4/7793/33 |2 20 |
| 086 | 0 | |a A 57.38:L 23/2 | |
| 100 | 1 | |a Jett, Carole E. | |
| 245 | 1 | 0 | |a Soil survey of Lander County, Nevada, north part / |c United States Department of Agriculture, Soil Conservation Service ; in cooperation with United States Department of the Interior, Bureau of Land Management, and University of Nevada, Agricultural Experiment Station. |
| 260 | |a [Washington, D.C.?] : |b The Service, |c [1992] | ||
| 300 | |a 1 case (2 v., 51 folded p. of plates) : |b ill., maps (some col.) ; |c 31 cm. | ||
| 500 | |a Cover title. | ||
| 500 | |a "By Carole E. Jett"--P. 1. | ||
| 500 | |a "Issued May 1992"--Vol. 1, p. v. | ||
| 504 | |a Includes bibliographical references (vol. 2, p. 855-856). | ||
| 500 | |a Includes index to map units. | ||
| 500 | |a Shipping list no.: 92-0630-P. | ||
| 650 | 0 | |a Soils |z Nevada |z Lander County |v Maps. | |
| 650 | 0 | |a Soil surveys |z Nevada |z Lander County. | |
| 650 | 7 | |a Soil surveys. |2 fast | |
| 650 | 7 | |a Soils. |2 fast | |
| 651 | 7 | |a Nevada |z Lander County. |2 fast | |
| 655 | 7 | |a Maps. |2 fast | |
| 710 | 1 | |a United States. |b Soil Conservation Service. | |
| 710 | 1 | |a United States. |b Bureau of Land Management. | |
| 710 | 2 | |a Max C. Fleischmann College of Agriculture. |b Agricultural Experiment Station. | |
| 776 | 0 | 8 | |i Online version: |a Jett, Carole E. |t Soil survey of Lander County, Nevada, north part. |d [Washington, D.C.?] : The Service, [1992] |w (OCoLC)682531650 |
| 988 | |a 20151020 | ||
| 049 | |a CLSL | ||
| 906 | |0 OCLC | ||


